000 00632nam a22002411 4500
001 17398
003 BD-RjUL
005 20211209000131.0
008 140217s1954 enka 000 0 eng
035 _a(BD-RjUL)17456
035 _aBD-RjUL
040 _aDLC
_cPP
_dNcRS
_dUk
_dBD-RjUL
_beng
041 _aeng
082 _a915.42
_bDEA 1954
100 1 _aDenman, Earl.
_953620
245 1 0 _aAlone to Everest /
260 _aLondon :
_bCollins ,
_c1954
300 _a255 p. :
_billus. ;
_c22 cm.
651 0 _aEverest, Mount (China and Nepal)
_935381
942 _2ddc
_cBK
999 _c17398
_d17398